000 01270nam a22003137a 4500
005 20240530110415.0
008 150304s2002 su oe g 000 0 ara d
017 _a3594/23
_bالسعودية . مكتبة الملك فهد
020 _a848973089
040 _aEG-CaGPL
041 0 _aara
082 0 4 _221
_a355.8\
_bم أ
100 1 _aاس ، دارا اديشونز ليما
_qدارا اديشونز ليما اس
245 1 0 _aحاملات الطائرات والسفن البرمائية الهجومية والغواصات /
_cتاليف دارا اديشونز ليما اس ؛ تعريب محمد صالحى ، سعيد سبيعة
250 _aط1
260 _aالسعودية :
_bمكتبة العبيكان
_c2002
300 _a95 ص :
_bايض ؛
_c32 سم
490 0 _aالاسلحة والامداد ،
_x9960402045
650 0 4 _aالطائرات
650 0 4 _aحاملات الطائرات
650 0 4 _aهندسة الطيران
650 0 4 _aحاملات الطائرات
_xصور
650 0 4 _aالغواصات
650 0 4 _aالسفن البرمائية
700 0 _aمحمد صالحى
_eمترجم
700 0 _aسعيد سبيعة
_eمترجم مشارك
942 _2ddc
_cBK
999 _c60548
_d60548